000 00709nam a2200229 i 4500
001 6922
003 ES-MaACL
005 20230906145125.0
007 t|
008 900712s1988 sp ||||1| spa d
020 _a84-345-8423-1
080 _a530.12
100 1 _aGardner, Martin.
_955513
245 1 3 _aLa Explosion de la relatividad /
_cMartin Gardner.
260 _aBarcelona :
_bSalvat,
_c1988.
300 _aVIII, 206 p. :
_bil. ;
_c19 cm.
490 1 _aBiblioteca científica Salvat ;
_v45
650 1 4 _aRelatividad (Física)-
_vObras de divulgación.
_916794
830 0 _aBiblioteca científica Salvat ;
_v45
_9177703
852 _aES-MaACL
_jL-14130
_bR.117719
_z. - rust.
999 _c6922
_d6922